000 00702nam a2200205Ia 4500
008 220216s9999 xx 000 0 und d
100 _aSyamala V K
245 0 _aComparative evaluation on growth of direct-seeded and budded stump poly bag rubber plants with inorganic and organic fertilizers
260 _bPLACROSYM XIX, 7-10 December 2010, Kottayam. Climate Change. 19th Biennial Symposium on Plantation Crops. Abstracts.pp.125-126.
650 _aBud grafts
650 _aInorganic fertilisers
650 _aPlanting materials
650 _aRoot stocks
700 _aGeorge S
700 _aIdicula S P
700 _aJoseph K
700 _aNair A N S
700 _aNair N U
942 _cJS
999 _c55929
_d55929